Normal view
MARC view
- Sircar, Muhammad Jamiruddin
Entry Personal Name
001 - CONTROL NUMBER
- control field: 5866
003 - CONTROL NUMBER IDENTIFIER
- control field: OSt
005 - DATE AND TIME OF LATEST TRANSACTION
- control field: 20240731104938.0
008 - FIXED-LENGTH DATA ELEMENTS
- fixed length control field: 240731|| aca||aabn | a|a d
040 ## - CATALOGING SOURCE
- Original cataloging agency: OSt
- Transcribing agency: OSt
100 ## - HEADING--PERSONAL NAME
- Personal name: Sircar, Muhammad Jamiruddin
670 ## - SOURCE DATA FOUND
- Source citation: Work cat.: (OSt)3441: Sircar, Muhammad Jamiruddin , Glimpses of International Law/ , c1997
